LIBRARY ONLINE CATALOGUE

Practical physics / (Record no. 6476)

MARC details
000 -LEADER
fixed length control field 00994cam a22002892 4500
001 - CONTROL NUMBER
control field 0000003727
005 - DATE AND TIME OF LATEST TRANSACTION
control field 20151217151931.0
008 - FIXED-LENGTH DATA ELEMENTS--GENERAL INFORMATION
fixed length control field 070514s xx 000 0 eng d
020 ## - INTERNATIONAL STANDARD BOOK NUMBER
International Standard Book Number 052124952X :
Terms of availability KES 690
020 ## - INTERNATIONAL STANDARD BOOK NUMBER
International Standard Book Number 0521270952 (pbk)
040 ## - CATALOGING SOURCE
Original cataloging agency KABU
Transcribing agency KABU
050 #0 - LIBRARY OF CONGRESS CALL NUMBER
Classification number QC37
Item number .S68 1985
100 1# - MAIN ENTRY--PERSONAL NAME
Personal name Squires, Gordon Leslie.
-- 0000153829
245 10 - TITLE STATEMENT
Title Practical physics /
Statement of responsibility, etc. G. L. Squires.
250 ## - EDITION STATEMENT
Edition statement 3rd ed.
260 ## - PUBLICATION, DISTRIBUTION, ETC. (IMPRINT)
Place of publication, distribution, etc. Cambridge[Cambridgeshire] ;
-- New York :
Name of publisher, distributor, etc. Cambridge University Press,
Date of publication, distribution, etc. 1985.
300 ## - PHYSICAL DESCRIPTION
Extent xi, 213 p. :
Other physical details ill. ;
Dimensions 24 cm.
650 #0 - SUBJECT ADDED ENTRY--TOPICAL TERM
Topical term or geographic name as entry element Physics
General subdivision Experiments.
-- 0000153830
650 #0 - SUBJECT ADDED ENTRY--TOPICAL TERM
Topical term or geographic name as entry element Physics
General subdivision Methodology.
-- 0000153831
908 ## - PUT COMMAND PARAMETER (RLIN)
Put command parameter 070514
950 ## - LOCAL HOLDINGS (RLIN)
-- 1
Holdings
Withdrawn status Lost status Source of classification or shelving scheme Not for loan Home library Current library Date acquired Total Checkouts Full call number Barcode Date last seen Price effective from Koha item type
    Library of Congress Classification   Kabarak, Main Campus Kabarak, Main Campus 17/12/2015   QC37 .S68 1985 010354 17/12/2015 17/12/2015 General Collection
    Library of Congress Classification   Kabarak, Main Campus Kabarak, Main Campus 17/12/2015   QC37 .S68 1985 010355 17/12/2015 17/12/2015 General Collection
    Library of Congress Classification   Kabarak, Main Campus Kabarak, Main Campus 17/12/2015   QC37 .S68 1985 010356 17/12/2015 17/12/2015 General Collection
    Library of Congress Classification   Kabarak, Main Campus Kabarak, Main Campus 17/12/2015   QC37 .S68 1985 010357 17/12/2015 17/12/2015 General Collection
    Library of Congress Classification   Kabarak, Main Campus Kabarak, Main Campus 17/12/2015   QC37 .S68 1985 010358 17/12/2015 17/12/2015 General Collection